Abbreviations Part 3 - Statistics

General Stats
  • This quiz has been taken 35 times
  • The average score is 9 of 15
Answer Stats
Abbreviation Phrase/Word % Correct
WWW World Wide Web
94%
IDGAF I Don’t Give A Fuck
91%
GN Good Night
88%
OMW On My Way
82%
NGL Not Gonna Lie
79%
TMR Tomorrow
74%
ETA Estimated Time Of Arrival
68%
TN Tonight
68%
TGIF Thank God It’s Friday
65%
TBD To Be Determined
62%
TBA To Be Announced
53%
NET Network
44%
ICL I Can’t Lie
29%
HAGO Have A Good One
18%
COM Community
15%
No matching quizzes found
Score Distribution
Percent of People with Each Score
Percentile by Number Answered
Your Score History
You have not taken this quiz